LIBRARY & INFORMATION CENTRE, KCAET, TAVANUR

ONLINE PUBLIC ACCESS CATALOGUE (OPAC)

Mahanvibution / (Record no. 11939)

MARC details
000 -LEADER
fixed length control field 00359cam a2200145ua 4500
041 ## - LANGUAGE CODE
Language code of text/sound track or separate title hin
082 ## - DEWEY DECIMAL CLASSIFICATION NUMBER
Classification number 891.54
Item number DEV/MA
100 ## - MAIN ENTRY--AUTHOR NAME
Personal name Devvart shastri, .
245 ## - TITLE STATEMENT
Title Mahanvibution /
260 ## - PUBLICATION, DISTRIBUTION, ETC. (IMPRINT)
Place of publication Delhi :
Name of publisher Indian book Company ,
Year of publication 1951.
300 ## - PHYSICAL DESCRIPTION
Number of Pages 13299 ; .
942 ## - ADDED ENTRY ELEMENTS (KOHA)
Koha item type Books
Holdings
Withdrawn status Lost status Damaged status Home library Current library Date acquired Full call number Accession Number Koha item type
Withdrawn     KAUAET Sanskrit University 07/04/2012 891.54 13299 Books
free website counter